<?xml version="1.0" encoding="UTF-8"?>
<record
    xmlns:xsi="http://www.w3.org/2001/XMLSchema-instance"
    xsi:schemaLocation="http://www.loc.gov/MARC21/slim http://www.loc.gov/standards/marcxml/schema/MARC21slim.xsd"
    xmlns="http://www.loc.gov/MARC21/slim">

  <leader>01981nam a22002777a 4500</leader>
  <controlfield tag="003">OSt</controlfield>
  <controlfield tag="005">20250521163737.0</controlfield>
  <controlfield tag="008">200127s2014    sp  |||jr|||| 000 fdspa d</controlfield>
  <datafield tag="020" ind1=" " ind2=" ">
    <subfield code="a">9788415433989</subfield>
  </datafield>
  <datafield tag="040" ind1=" " ind2=" ">
    <subfield code="a">CO-JMCR</subfield>
    <subfield code="c">CO-JMCR</subfield>
  </datafield>
  <datafield tag="041" ind1="1" ind2=" ">
    <subfield code="a">spa</subfield>
    <subfield code="h">eng</subfield>
  </datafield>
  <datafield tag="082" ind1=" " ind2=" ">
    <subfield code="a">J-N</subfield>
    <subfield code="b">FALa </subfield>
  </datafield>
  <datafield tag="100" ind1="1" ind2=" ">
    <subfield code="a">Falls, Kat, </subfield>
    <subfield code="e">autora</subfield>
    <subfield code="9">50</subfield>
  </datafield>
  <datafield tag="245" ind1="1" ind2="0">
    <subfield code="a">Aguas turbulentas / </subfield>
    <subfield code="c">Kat Falls ; traducci&#xF3;n de Cristina Garc&#xED;a-Altozano</subfield>
  </datafield>
  <datafield tag="250" ind1=" " ind2=" ">
    <subfield code="a">Primera edici&#xF3;n</subfield>
  </datafield>
  <datafield tag="260" ind1=" " ind2=" ">
    <subfield code="a">Madrid : </subfield>
    <subfield code="b">P&#xE1;mies, </subfield>
    <subfield code="c">2014</subfield>
  </datafield>
  <datafield tag="300" ind1=" " ind2=" ">
    <subfield code="a">301 p&#xE1;ginas ; </subfield>
    <subfield code="c">23 cm.</subfield>
  </datafield>
  <datafield tag="500" ind1=" " ind2=" ">
    <subfield code="a"> </subfield>
  </datafield>
  <datafield tag="520" ind1=" " ind2=" ">
    <subfield code="a">Una cadena de terremotos ha sacudido la tierra y regiones enteras han quedado sumergidas bajo el agua. Los humanos viven ahora hacinados en ciudades. Los &#xFA;nicos que poseen un espacio propio son los habitantes del lecho marino, los Abisales. Tambi&#xE9;n los Sobs, que viven en municipios -grandes ciudades- naves que surcan los mares-, y se dedican al comercio y al contrabando.
Ty siempre ha sabido que el oc&#xE9;ano es un lugar peligroso. Cada vez que se aventura fuera de los l&#xED;mites de la granja submarina de sus padres est&#xE1; preparado para hacer frente a toda clase de depredadores marinos: tiburones, calamares gigantes, orcas asesinas...
Pero para lo que no est&#xE1; preparado es para encontrarse con un municipio encadenado a un avi&#xF3;n hundido, con todos sus habitantes condenados a una tumba en el fondo del mar, y a que sus padres sean secuestrados por un grupo de Sobs cuando iban a vender su cosecha de algas.
Ahora, en una lucha desesperada contra el reloj para salvar la vida de sus progenitores, y con la ayuda de su amiga Gemma, deber&#xE1; enfrentarse a pol&#xED;ticos corruptos, criminales, los salvajes Sobs y alguna de las criaturas m&#xE1;s mort&#xED;feras del oc&#xE9;ano.</subfield>
  </datafield>
  <datafield tag="546" ind1=" " ind2=" ">
    <subfield code="a">Traducido del ingl&#xE9;s</subfield>
  </datafield>
  <datafield tag="650" ind1="1" ind2="4">
    <subfield code="a">Novela juvenil</subfield>
    <subfield code="9">182</subfield>
  </datafield>
  <datafield tag="650" ind1="1" ind2="4">
    <subfield code="a">Colonias submarinas</subfield>
    <subfield code="x">novela juvenil</subfield>
    <subfield code="9">187</subfield>
  </datafield>
  <datafield tag="650" ind1="1" ind2="4">
    <subfield code="a">Forajidos</subfield>
    <subfield code="x">novela ficci&#xF3;n</subfield>
    <subfield code="9">183</subfield>
  </datafield>
  <datafield tag="700" ind1=" " ind2=" ">
    <subfield code="a">Garc&#xED;a-Altozano, Cristina,</subfield>
    <subfield code="e">traductora</subfield>
    <subfield code="9">51</subfield>
  </datafield>
  <datafield tag="942" ind1=" " ind2=" ">
    <subfield code="2">ddc</subfield>
    <subfield code="c">BK</subfield>
  </datafield>
  <datafield tag="999" ind1=" " ind2=" ">
    <subfield code="c">6403</subfield>
    <subfield code="d">6403</subfield>
  </datafield>
  <datafield tag="952" ind1=" " ind2=" ">
    <subfield code="0">0</subfield>
    <subfield code="1">0</subfield>
    <subfield code="2">ddc</subfield>
    <subfield code="4">0</subfield>
    <subfield code="7">0</subfield>
    <subfield code="8">FIC</subfield>
    <subfield code="a">CPL</subfield>
    <subfield code="b">CPL</subfield>
    <subfield code="c">PROC</subfield>
    <subfield code="d">2019-12-19</subfield>
    <subfield code="e">Donaci&#xF3;n</subfield>
    <subfield code="g">0.00</subfield>
    <subfield code="l">7</subfield>
    <subfield code="m">1</subfield>
    <subfield code="o">J-N FALa</subfield>
    <subfield code="p">201809679</subfield>
    <subfield code="r">2024-11-12 16:07:44</subfield>
    <subfield code="s">2024-11-08</subfield>
    <subfield code="t">Ej.1</subfield>
    <subfield code="w">2020-01-27</subfield>
    <subfield code="y">BK</subfield>
  </datafield>
</record>
